US states by population in order - Statistics

General Stats
  • This quiz has been taken 42 times
  • The average score is 19 of 50
Answer Stats
Hint State % Correct
#1 California
100%
#3 Florida
100%
#2 Texas
100%
#4 New York
97%
#5 Illinois
87%
#7 Ohio
77%
#6 Pennsylvania
77%
#10 Michigan
71%
#9 North Carolina
68%
#8 Georgia
65%
#11 New Jersey
58%
#14 Arizona
45%
#12 Virginia
45%
#15 Massachusetts
42%
#50 Wyoming
42%
#17 Indiana
39%
#13 Washington
39%
#48 Alaska
35%
#18 Missouri
35%
#21 Colorado
32%
#19 Maryland
32%
#16 Tennessee
32%
#49 Vermont
32%
#20 Wisconsin
32%
#42 Maine
29%
#22 Minnesota
29%
#23 South Carolina
29%
#24 Alabama
26%
#45 Delaware
26%
#41 New Hampshire
26%
#47 North Dakota
26%
#25 Louisiana
23%
#43 Montana
23%
#37 Nebraska
23%
#46 South Dakota
23%
#39 Idaho
19%
#31 Iowa
19%
#35 Kansas
19%
#26 Kentucky
19%
#44 Rhode Island
19%
#30 Utah
19%
#40 Hawaii
16%
#28 Oklahoma
16%
#27 Oregon
16%
#33 Arkansas
13%
#29 Connecticut
13%
#34 Mississippi
13%
#32 Nevada
13%
#36 New Mexico
13%
#38 West Virginia
13%
No matching quizzes found
Score Distribution
Percent of People with Each Score
Percentile by Number Answered
Your Score History
You have not taken this quiz